The noble scholar, jurist, historian


 His Excellency Dr. Abdul Wahhab bin Ibrahim Abu Sulaiman, may Allah have mercy on him.


 He was born in Umm Al-Qura in the year 1356 AH.

الدراسات والأبحاث العلمية في الحضارة الإسلامية : (Record no. 8878)

MARC details
000 -LEADER
fixed length control field 01556cam a22003011i 4500
003 - CONTROL NUMBER IDENTIFIER
control field SA-RiAUC
005 - DATE AND TIME OF LATEST TRANSACTION
control field 20250612061008.0
008 - FIXED-LENGTH DATA ELEMENTS--GENERAL INFORMATION
fixed length control field 250605s1992 tu g i10000 ara c
020 ## - INTERNATIONAL STANDARD BOOK NUMBER
International Standard Book Number 9290632046
040 ## - CATALOGING SOURCE
Original cataloging agency SA-RiAUC
Language of cataloging ara
Transcribing agency SA-RiAUC
Description conventions rda
041 1# - LANGUAGE CODE
Language code of text/sound track or separate title ara
-- eng
082 04 - DEWEY DECIMAL CLASSIFICATION NUMBER
Classification number 953.0072
090 ## - LOCALLY ASSIGNED LC-TYPE CALL NUMBER (OCLC); LOCAL CALL NUMBER (RLIN)
Classification number (OCLC) (R) ; Classification number, CALL (RLIN) (NR) 953.0072
Local cutter number (OCLC) ; Book number/undivided call number, CALL (RLIN) ن د و
111 2# - MAIN ENTRY--MEETING NAME
Meeting name or jurisdiction name as entry element الندوة الدولية حول الدراسات والأبحاث العلمية في الحضارة الإسلامية نظرة على العقد القادم
Date of meeting or treaty signing ( 1988 :
Location of meeting إسطنبول، تركيا)
245 12 - TITLE STATEMENT
Title الدراسات والأبحاث العلمية في الحضارة الإسلامية :
Remainder of title نظرة على العقد القادم /
Statement of responsibility, etc. تحرير وإشراف وتقديم أكمل الدين إحسان أوغلي، أحمد العجيمي، زينب دوروقال.
264 #1 - PRODUCTION, PUBLICATION, DISTRIBUTION, MANUFACTURE, AND COPYRIGHT NOTICE
Place of production, publication, distribution, manufacture استانبول، تركيا :
Name of producer, publisher, distributor, manufacturer مركز الأبحاث للتاريخ والفنون والثقافة الإسلامية،
Date of production, publication, distribution, manufacture, or copyright notice 1992
300 ## - PHYSICAL DESCRIPTION
Extent 183،112 صفحة ؛
Dimensions 24 سم
336 ## - CONTENT TYPE
Content type term نص
Content type code txt
Source rdacontent
Materials specified كتاب
337 ## - MEDIA TYPE
Media type term بدون وسيط
Media type code n
Source rdamedia
338 ## - CARRIER TYPE
Carrier type term مجلد
Carrier type code nc
Source rdacarrier
546 ## - LANGUAGE NOTE
Language note بحوث باللغة العربية والإنجليزية.
650 #7 - SUBJECT ADDED ENTRY--TOPICAL TERM
Topical term or geographic name entry element الحضارة الإسلامية
General subdivision بحوث
Source of heading or term aucsh
700 1# - ADDED ENTRY--PERSONAL NAME
Personal name إحسان أوغلي، أكمل الدين،
Dates associated with a name 1943-
Relator term محرر.
700 1# - ADDED ENTRY--PERSONAL NAME
Personal name العجيمي، أحمد
Relator term محرر.
700 1# - ADDED ENTRY--PERSONAL NAME
Personal name دوروقال، زينب
Relator term محرر.
942 ## - ADDED ENTRY ELEMENTS (KOHA)
Source of classification or shelving scheme Dewey Decimal Classification
Koha item type Books
Suppress in OPAC No
949 ## - LOCAL PROCESSING INFORMATION (OCLC)
a SA-JeALM
d 250605
u mohamedma123
n 1
Holdings
Withdrawn status Lost status Source of classification or shelving scheme Damaged status Not for loan Home library Current library Date acquired Total checkouts Full call number Barcode Date last seen Price effective from Koha item type
    Dewey Decimal Classification     DR AbdElwahab Library DR AbdElwahab Library 06/12/2025   953.0072 ن د و 000014725 06/12/2025 06/12/2025 Books